Members of Hockey Hall of Fame - Players Category - Statistics

General Stats
  • This quiz has been taken 88 times
  • The average score is 62 of 274
Answer Stats
Year of Induction Player % Correct
1999 Wayne Gretzky
92%
2007 Mark Messier
78%
1961 Maurice Richard
78%
1979 Bobby Orr
76%
1972 Gordie Howe
76%
2009 Steve Yzerman
76%
1997 Mario Lemieux
73%
1984 Phil Esposito
73%
1983 Bobby Hull
71%
1988 Guy Lafleur
71%
2006 Patrick Roy
71%
1972 Jean Beliveau
69%
2009 Brett Hull
67%
2012 Joe Sakic
67%
1992 Marcel Dionne
67%
1983 Stan Mikita
67%
1987 Bobby Clarke
63%
1979 Henri Richard
63%
2001 Jari Kurri
63%
1995 Larry Robinson
63%
1991 Mike Bossy
61%
2004 Ray Bourque
61%
2004 Paul Coffey
59%
1986 Serge Savard
59%
2014 Dominik Hasek
57%
1978 Jacques Plante
57%
1983 Ken Dryden
57%
1966 Ted Lindsay
57%
2003 Grant Fuhr
55%
2014 Mike Modano
55%
2007 Ron Francis
55%
1971 Terry Sawchuk
55%
1997 Bryan Trottier
53%
2008 Glenn Anderson
53%
2012 Mats Sundin
53%
2014 Peter Forsberg
53%
1988 Tony Esposito
53%
1986 Dave Keon
51%
2016 Eric Lindros
51%
1975 Glenn Hall
51%
2017 Teemu Selänne
51%
1945 Howie Morenz
49%
2009 Luc Robitaille
49%
2012 Pavel Bure
49%
1984 Bernie Parent
47%
1988 Brad Park
47%
2000 Denis Savard
47%
1991 Denis Potvin
45%
2011 Doug Gilmour
45%
2011 Mark Howe
45%
2007 Scott Stevens
45%
1977 Alex Delvecchio
43%
2007 Al MacInnis
43%
1993 Billy Smith
43%
2009 Brian Leetch
43%
1973 Doug Harvey
43%
1985 Jean Ratelle
43%
2017 Paul Kariya
43%
1982 Rod Gilbert
43%
1993 Steve Shutt
43%
2005 Cam Neely
41%
2013 Chris Chelios
41%
2010 Dino Ciccarelli
41%
1981 Johnny Bucyk
41%
2015 Sergei Fedorov
41%
1966 Toe Blake
41%
1978 Andy Bathgate
39%
2013 Brendan Shanahan
39%
2015 Chris Pronger
39%
2011 Ed Belfour
39%
1947 Eddie Shore
39%
1985 Gerry Cheevers
39%
2014 Rob Blake
39%
1977 Tim Horton
39%
1996 Börje Salming
37%
2001 Dale Hawerchuk
37%
1989 Darryl Sittler
37%
1981 Frank Mahovlich
37%
1945 Georges Vezina
37%
1993 Guy Lapointe
37%
1984 Jacques Lemaire
37%
2001 Mike Gartner
37%
2013 Scott Niedermayer
35%
1982 Yvan Cournoyer
35%
1972 Bernie Geoffrion
33%
1992 Bob Gainey
33%
2002 Clark Gillies
33%
2017 Dave Andreychuk
33%
1974 Dickie Moore
33%
1990 Gilbert Perreault
33%
2003 Pat LaFontaine
33%
1998 Peter Stastny
33%
1975 Pierre Pilote
33%
2002 Rod Langway
33%
1961 Syl Apps
33%
2011 Joe Nieuwendyk
31%
2017 Mark Recchi
31%
2015 Nicklas Lidström
31%
2016 Rogie Vachon
31%
1966 Elmer Lach
29%
1976 Johnny Bower
29%
1961 Milt Schmidt
29%
2015 Phil Housley
29%
1969 Red Kelly
29%
1989 Vladislav Tretiak
29%
2012 Adam Oates
27%
2002 Bernie Federko
27%
2008 Igor Larionov
27%
1992 Lanny MacDonald
27%
1980 Gump Worsley
25%
1969 Sid Abel
25%
1967 Turk Broda
25%
2004 Larry Murphy
24%
1958 King Clancy
22%
1966 Ted Kennedy
22%
1950 Joe Malone
20%
1950 Newsy Lalonde
20%
1982 Norm Ullman
20%
2016 Sergei Makarov
20%
1964 Bill Durnan
18%
1975 George Armstrong
18%
1966 Max Bentley
18%
1998 Michel Goulet
18%
1975 Ace Bailey
16%
1996 Bobby Bauer
16%
1961 Charlie Conacher
16%
2006 Dick Duff
16%
1961 George Hainsworth
16%
1979 Harry Howell
16%
2000 Joe Mullen
16%
1952 Nels Stewart
16%
1947 Aurele Joliat
14%
1971 Busher Jackson
14%
1966 Frank Brimsek
14%
1947 Frank Nighbor
14%
1947 Cyclone Taylor
12%
1958 Dick Irvin
12%
1966 Emile Bouchard
12%
1947 Lester Patrick
12%
1994 Lionel Conacher
12%
2005 Valeri Kharlamov
12%
2001 Vyacheslav Fetisov
12%
1952 Bill Cook
10%
2010 Cammi Granato
10%
1947 Dit Clapper
10%
1980 Harry Lumley
10%
1987 Jacques Laperriere
10%
1998 Roy Conacher
10%
1959 Tiny Thompson
10%
1970 Tom Johnson
10%
1949 Art Ross
8%
1969 Bryan Hextall
8%
1995 Bun Cook
8%
1965 Clint Benedict
8%
1959 Cy Denneny
8%
1987 Eddie Giacomin
8%
1961 Hap Day
8%
1945 Hobey Baker
8%
1963 Joe Primeau
8%
1969 Roy Worters
8%
1958 Sprague Cleghorn
8%
1992 Woody Dumart
8%
2010 Angela James
6%
1968 Bill Cowley
6%
1970 Bill Gadsby
6%
1965 Bill Mosienko
6%
1974 Billy Burch
6%
1964 Black Jack Stewart
6%
1988 Buddy O'Connor
6%
1945 Charlie Gardiner
6%
1964 Doug Bentley
6%
1958 Frank Boucher
6%
1945 Frank McGee
6%
1972 Hap Holmes
6%
1986 Leo Boivin
6%
1958 Paddy Moran
6%
1961 Percy LeSueur
6%
1965 Syd Howe
6%
1958 Ching Johnson
4%
1971 Cooney Weiland
4%
1949 Dan Bain
4%
1958 Duke Keats
4%
1945 Eddie Gerard
4%
1994 Harry P. Watson
4%
1989 Herbie Lewis
4%
1945 Hod Stuart
4%
1959 Jack Adams
4%
1963 Jack Laviolette
4%
1961 Joe Hall
4%
1966 Ken Reardon
4%
1980 Lynn Patrick
4%
1963 Phat Wilson
4%
1963 Rat Westwick
4%
1965 Red Horner
4%
1958 Alec Connell
2%
1962 Alf Smith
2%
1950 Allan Davidson
2%
1981 Allan Stanley
2%
2015 Angela Ruggiero
2%
1974 Art Coulter
2%
1965 Arthur Farrell
2%
1970 Babe Dye
2%
1966 Babe Pratt
2%
1964 Babe Siebert
2%
1963 Barney Stanley
2%
1985 Bert Olmstead
2%
1976 Bill Quackenbush
2%
1963 Billy Gilmour
2%
1963 Billy McGimsie
2%
1965 Blair Russel
2%
1991 Bob Pulford
2%
1963 Bouse Hutton
2%
1961 Bruce Stuart
2%
1960 Buck Boucher
2%
1963 Bullet Joe Simpson
2%
1973 Chuck Rayner
2%
1991 Clint Smith
2%
1952 Dickie Boon
2%
1963 Didier Pitre
2%
1963 Earl Seibert
2%
1963 Eddie Goodfellow
2%
1965 Ernie Russell
2%
1958 Frank Foyston
2%
1958 Frank Fredrickson
2%
1961 Frank Rankin
2%
1963 Frederick Whitcroft
2%
1965 Fred Scanlan
2%
1958 George Hay
2%
1958 George McNamara
2%
1950 George Richardson
2%
2013 Geraldine Heaney
2%
1975 Gordie Drillon
2%
1971 Gordon Roberts
2%
1950 Graham Drinkwater
2%
1963 Harry Cameron
2%
1962 Harry Hyland
2%
1967 Harry Oliver
2%
1950 Harry Trihey
2%
1945 Harvey Pulford
2%
1958 Herb Gardiner
2%
1972 Hooley Smith
2%
1958 Hughie Lehman
2%
1963 Jack Darragh
2%
1965 Jack Marshall
2%
1963 Jack Ruttan
2%
1960 Jack Walker
2%
1963 Jimmy Gardner
2%
1965 Marty Barry
2%
1963 Marty Walsh
2%
1950 Mike Grant
2%
1952 Moose Goheen
2%
1952 Moose Johnson
2%
1967 Neil Colville
2%
1961 Oliver Seibert
2%
1962 Punch Broadbent
2%
1958 Red Dutton
2%
1962 Reg Noble
2%
1963 Riley Hern
2%
1947 Russell Bowie
2%
1963 Rusty Crawford
2%
1963 Shorty Green
2%
1950 Silas Griffis
2%
1962 Steamer Maxwell
2%
1962 Sweeney Schriner
2%
1960 Sylvio Mantha
2%
1974 Tommy Dunderdale
2%
1945 Tommy Phillips
2%
1993 Edgar Laprade
0%
1990 Fernie Flaman
0%
1963 Harry E. Watson
0%
1978 Marcel Provonost
0%
1952 Mckey MacKay
0%
1963 Tim Hooper
0%
1973 Tommy Smith
0%
No matching quizzes found
Score Distribution
Percent of People with Each Score
Percentile by Number Answered
Your Score History
You have not taken this quiz